000
00337nam a2200133 4500
999
_c
510822
_d
510822
008
190902b ||||| |||| 00| 0 eng d
100
_a
Sadgopal, Anil
_9
9412
245
_a
Nai taleem: Gandhi's challenge to hegemony
260
_c
2019
300
_a
p.9-30.
773
_a
Social Scientist
906
_a
Gandhi, M.K.
942
_2
ddc
_c
AR